[Event "Norrkoeping op"]
[Site "?"]
[Date "1998.??.??"]
[Round "2"]
[White "Agrest Evgenij"]
[Black "Evertsson Kristian"]
[Result "1/2-1/2"]
[WhiteElo "2525"]
[BlackElo "2075"]
[PlyCount "119"]
[EventDate "1998.??.??"]
[Source "www.chesslib.no"]
[SourceDate "2004.05.04"]

1. c4 e5 2. Nc3 Nf6 3. Nf3 e4 4. Ng5 b5 5. d3 bxc4 6. dxe4 h6 7. Nf3 Bb4 8. Bd2 Nc6 9. e3 O-O 10. Nd5 a5 11. a3 Bxd2+ 12. Nxd2 Ne5 13. Qc2 c6 14. Nxf6+ Qxf6 15. Nxc4 Nxc4 16. Bxc4 d5 17. exd5 cxd5 18. Bd3 d4 19. e4 Ba6 20. O-O Rfc8 21. Qd2 Bxd3 22. Qxd3 Rab8 23. Rab1 a4 24. Rfd1 Rb3 25. Qxd4 Qxd4 26. Rxd4 Rxb2 27. Rf1 Ra2 28. Rxa4 Rc3 29. g4 f6 30. Ra7 Re2 31. Ra4 Kh7 32. Kg2 h5 33. gxh5 Kh6 34. Kg1 Kxh5 35. Rd1 Rf3 36. Rf1 g5 37. Kg2 Rb3 38. h3 Rc3 39. Ra6 Kg6 40. e5 Rxe5 41. Rd1 Rf5 42. Rd2 Rff3 43. Rdd6 Rf4 44. Rdc6 Rcf3 45. Rc2 Rb3 46. Re2 Rff3 47. Ree6 Rf4 48. Re3 Rxe3 49. fxe3 Re4 50. Kf2 Rh4 51. a4 Rxh3 52. a5 Kf5 53. Ra8 Rh2+ 54. Kg3 Ra2 55. a6 Ra3 56. Kf2 Kg4 57. a7 Ra2+ 58. Ke1 f5 59. Kd1 Kg3 60. Rg8 1/2-1/2

[Event "Spring Open"]
[Site "Budapest HUN"]
[Date "1993.??.??"]
[Round "6"]
[White "Lirindzakis, Timotheos"]
[Black "Kuntz, Pierre"]
[Result "1/2-1/2"]
[WhiteElo "2370"]
[BlackElo "2215"]
[PlyCount "104"]
[EventDate "1993.??.??"]
[Source "www.chesslib.no"]
[SourceDate "2004.05.04"]

1. c4 e5 2. Nc3 Nf6 3. Nf3 e4 4. Ng5 b5 5. d3 bxc4 6. dxe4 Nc6 7. g3 Bb4 8. Bd2 Qe7 9. Bg2 O-O 10. O-O h6 11. Nd5 Nxd5 12. exd5 Bxd2 13. Qxd2 Qxg5 14. Qxg5 hxg5 15. dxc6 d6 16. Bd5 Rb8 17. b3 cxb3 18. axb3 a6 19. e4 Rb6 20. Ra5 Bg4 21. f3 Be6 22. Rfa1 Bxd5 23. exd5 Rxb3 24. Rxa6 Rxf3 25. Ra7 Rd3 26. Rxc7 Rxd5 27. Rd7 Kh7 28. c7 Rc8 29. Rc1 Rc5 30. Rxc5 dxc5 31. Rxf7 Kg6 32. Rd7 Kf6 33. Kf2 g6 34. Rd6+ Ke5 35. Rxg6 Rxc7 36. Rxg5+ Ke4 37. Ke2 Ra7 38. Rg4+ Ke5 39. h4 Ra2+ 40. Kd3 Ra3+ 41. Kc2 Rf3 42. h5 c4 43. Rg8 Ke6 44. g4 Kf7 45. Rc8 Rf4 46. g5 Rh4 47. h6 Kg6 48. Rg8+ Kh7 49. Rg7+ Kh8 50. Rc7 Rg4 51. Rg7 Rh4 52. Kc3 Rxh6 1/2-1/2

[Event "Postbauer op U18 3rd"]
[Site "?"]
[Date "1997.??.??"]
[Round "?"]
[White "Bayer Bernhard"]
[Black "Biro Sandor"]
[Result "0-1"]
[WhiteElo "2290"]
[BlackElo "2290"]
[PlyCount "96"]
[EventDate "1997.??.??"]
[Source "www.chesslib.no"]
[SourceDate "2004.05.04"]

1. c4 e5 2. Nc3 Nf6 3. Nf3 e4 4. Ng5 b5 5. cxb5 d5 6. d3 h6 7. Nh3 Bb7 8. e3 Bd6 9. dxe4 dxe4 10. Be2 Qe7 11. Bd2 Nbd7 12. Qc2 O-O 13. O-O-O Ne5 14. Kb1 a6 15. bxa6 Bxa6 16. Bxa6 Rxa6 17. Nxe4 Nxe4 18. Qxe4 Rfa8 19. Bc3 Rxa2 20. Kc2 Qe8 21. Rd5 R8a4 22. Rd4 Rxd4 23. Qxd4 Ra4 24. Qd5 Nc4 25. Rd1 Nb6 26. Qf5 Rc4 27. Rd4 Rxd4 28. Bxd4 Qc6+ 29. Bc3 Qxg2 30. e4 Bxh2 31. Bd4 Qf1 32. Qg4 Qc4+ 33. Bc3 Be5 34. Ng1 Bxc3 35. bxc3 Qa2+ 36. Kd3 Qxf2 37. Nf3 c5 38. e5 c4+ 39. Ke4 Qc2+ 40. Kd4 Qf2+ 41. Ke4 Qc2+ 42. Kd4 Qd3+ 43. Kc5 Nd7+ 44. Kb5 Qd5+ 45. Ka4 Nc5+ 46. Kb5 Ne4+ 47. Kb6 Qc5+ 48. Kb7 Nxc3 0-1

[Event "Stary Smokovec"]
[Site "Stary Smokovec"]
[Date "1976.??.??"]
[Round "10"]
[White "Szilagyi, Gyorgy"]
[Black "Treybal, Dusan"]
[Result "1-0"]
[WhiteElo "2380"]
[BlackElo "2200"]
[PlyCount "53"]
[EventDate "1976.12.??"]
[Source "ChessBase"]

1. c4 e5 2. Nc3 Nf6 3. Nf3 e4 4. Ng5 b5 5. cxb5 d5 6. d3 h6 7. Nh3 Bxh3 8. gxh3 e3 9. fxe3 Bd6 10. Bg2 Nbd7 11. O-O Qe7 12. e4 g5 13. Rf5 d4 14. e5 Bxe5 15. Bxa8 dxc3 16. d4 Qd6 17. Rxe5+ Nxe5 18. bxc3 O-O 19. Bg2 Re8 20. e4 Ng6 21. Qd3 Nh5 22. Qf3 Nhf4 23. e5 Qe7 24. Bxf4 Nxf4 25. Kh1 Qa3 26. Rg1 Qxa2 27. Qxf4 1-0

[Event "Euskadi-ch15"]
[Site "Subijana de Alava"]
[Date "2001.04.21"]
[Round "6"]
[White "Nava Pereda, Carlos"]
[Black "Gonzalez de la Torre, Santiago"]
[Result "0-1"]
[WhiteElo "2302"]
[BlackElo "2277"]
[PlyCount "66"]
[EventDate "2001.04.17"]
[Source "www.chesslib.no"]
[SourceDate "2004.05.04"]

1. c4 e5 2. Nc3 Nf6 3. Nf3 e4 4. Ng5 b5 5. d3 bxc4 6. dxe4 h6 7. Nxf7 Kxf7 8. e5 c6 9. exf6 Qxf6 10. e4 Bb4 11. Qh5+ g6 12. Qf3 Qxf3 13. gxf3 d5 14. Be3 Be6 15. O-O-O Bxc3 16. bxc3 Nd7 17. h4 h5 18. Bh3 Bxh3 19. Rxh3 Ne5 20. Bd4 Rhe8 21. Bxe5 Rxe5 22. Rg3 Rae8 23. Rd4 Rd8 24. Rg1 c5 25. Rd2 d4 26. Rgd1 d3 27. Rb2 Rd6 28. Re1 Rf6 29. Re3 Rf4 30. Rb7+ Re7 31. Rb5 Rxh4 32. Rxc5 Rh1+ 33. Kd2 Rb7 0-1

[Event "CAN Ch"]
[Site "Toronto CAN"]
[Date "1972.??.??"]
[Round "12"]
[White "Labelle, Jacques"]
[Black "Day, Lawrence A"]
[Result "1/2-1/2"]
[WhiteElo "2200"]
[BlackElo "2345"]
[PlyCount "44"]
[EventDate "1972.??.??"]
[Source "www.chesslib.no"]
[SourceDate "2004.05.04"]

1. c4 e5 2. Nc3 Nf6 3. Nf3 e4 4. Ng5 b5 5. Ngxe4 Nxe4 6. Nxe4 bxc4 7. d4 cxd3 8. Qxd3 Bb4+ 9. Bd2 Bxd2+ 10. Qxd2 Bb7 11. Nc5 Bc6 12. Qe3+ Qe7 13. Qxe7+ Kxe7 14. h4 a5 15. Rh3 Na6 16. Nxa6 Rxa6 17. Re3+ Kf6 18. Rc3 Rb6 19. O-O-O Re8 20. e3 Reb8 21. Rd2 h6 22. g3 Ke7 1/2-1/2

[Event "Piriapolis"]
[Site "Piriapolis"]
[Date "1977.??.??"]
[Round "6"]
[White "Casas, Fernando"]
[Black "Bademian, Jose"]
[Result "0-1"]
[WhiteElo "2300"]
[BlackElo "2235"]
[PlyCount "102"]
[EventDate "1977.??.??"]
[Source "ChessBase"]

1. c4 e5 2. Nc3 Nf6 3. Nf3 e4 4. Ng5 b5 5. Nxb5 c6 6. Nc3 d5 7. cxd5 cxd5 8. e3 h6 9. Bb5+ Bd7 10. Bxd7+ Qxd7 11. Nh3 Bd6 12. Qb3 Be5 13. O-O O-O 14. f4 exf3 15. Rxf3 d4 16. Ne2 Nc6 17. d3 Rab8 18. Qd1 dxe3 19. Rb1 Ng4 20. g3 Qd5 21. Rxe3 Bd4 22. Nxd4 Qxd4 23. Qf3 Rfe8 24. Qxc6 Rxe3 25. Bxe3 Qxe3+ 26. Kh1 Qxd3 27. Re1 Qd2 28. Re8+ Kh7 29. Qe4+ g6 30. Qe2 Rxb2 31. Qxd2 Rxd2 32. Re4 Nxh2 33. Rf4 f5 34. Nf2 Nf1 35. Kg2 Ne3+ 36. Kf3 Nc2 37. Ra4 Rd7 38. Rc4 Nd4+ 39. Kf4 Kg7 40. Ke5 Nf3+ 41. Ke6 Rb7 42. Nh3 Ng5+ 43. Nxg5 hxg5 44. g4 Rf7 45. Ke5 fxg4 46. Rxg4 Rf5+ 47. Ke6 Ra5 48. Rg2 g4 49. Ke7 Kh6 50. Kf6 Rf5+ 51. Ke6 Kg5 0-1

[Event "Polanica Zdroj"]
[Site "?"]
[Date "1999.??.??"]
[Round "2"]
[White "Walach Marcin"]
[Black "Izbinski Bartlomiej"]
[Result "1-0"]
[WhiteElo "2302"]
[BlackElo "2208"]
[PlyCount "40"]
[EventDate "1999.??.??"]
[Source "www.chesslib.no"]
[SourceDate "2004.05.04"]

1. c4 e5 2. Nc3 Nf6 3. Nf3 e4 4. Ng5 b5 5. d3 exd3 6. cxb5 h6 7. Nf3 dxe2 8. Bxe2 a6 9. O-O Be7 10. Bf4 O-O 11. Nd5 Nxd5 12. Qxd5 c6 13. bxc6 dxc6 14. Qe4 f5 15. Qe3 Bf6 16. Qb3+ Kh7 17. Bxb8 Re8 18. Bc4 Ra7 19. Rae1 Qe7 20. Bd6 Be6 1-0

[Event "Rostock Open 16th"]
[Site "Rostock GER"]
[Date "1990.08.??"]
[Round "?"]
[White "Reschke, Heiko"]
[Black "Biro, Sandor"]
[Result "0-1"]
[WhiteElo "2100"]
[BlackElo "2380"]
[PlyCount "66"]
[EventDate "1990.08.15"]
[Source "www.chesslib.no"]
[SourceDate "2004.05.04"]

1. c4 e5 2. Nc3 Nf6 3. Nf3 e4 4. Ng5 b5 5. g3 bxc4 6. Ngxe4 Nxe4 7. Nxe4 d5 8. Nc3 d4 9. Bg2 c6 10. Nb1 Be7 11. d3 cxd3 12. Qxd3 O-O 13. Nd2 Ba6 14. Nc4 Bb4+ 15. Bd2 Bxd2+ 16. Kxd2 Nd7 17. f4 Re8 18. Rhc1 Nc5 19. Qa3 Bxc4 20. Rxc4 Qe7 21. Bf3 Ne4+ 22. Bxe4 Qxe4 23. Qd3 Qe7 24. Rac1 Rad8 25. R1c2 g5 26. Rc5 gxf4 27. gxf4 Qd6 28. Qg3+ Kh8 29. R2c4 Re3 30. Rxc6 Qe7 31. Qg4 Re8 32. Rxd4 Rxe2+ 33. Kc3 Qb7 0-1

[Event "Hofheim MVT"]
[Site "Hofheim"]
[Date "1995.??.??"]
[Round "7"]
[White "Gustavsson, Cyrill"]
[Black "Lisanti, Andre"]
[Result "1/2-1/2"]
[WhiteElo "2170"]
[BlackElo "2305"]
[PlyCount "36"]
[EventDate "1995.??.??"]
[Source "www.chesslib.no"]
[SourceDate "2004.05.04"]

1. c4 Nf6 2. Nc3 e5 3. Nf3 e4 4. Ng5 b5 5. d3 exd3 6. exd3 bxc4 7. dxc4 Bb7 8. Qb3 Qe7+ 9. Be3 Qb4 10. Qxb4 Bxb4 11. Bd4 c5 12. Bxf6 gxf6 13. Nh3 Nc6 14. O-O-O Bxc3 15. bxc3 Ne5 16. Nf4 a5 17. Nd5 Bxd5 18. Rxd5 Ke7 1/2-1/2

[Event "Bargteheide (open)"]
[Site "?"]
[Date "2004.05.23"]
[Round "7"]
[White "Schmidt Harald"]
[Black "Budzyn Matthias"]
[Result "1-0"]
[WhiteElo "2351"]
[BlackElo "2120"]
[PlyCount "106"]
[EventDate "2004.??.??"]
[Source "www.chesslib.no"]
[SourceDate "2004.05.04"]

1. c4 e5 2. Nc3 Nf6 3. Nf3 e4 4. Ng5 b5 5. cxb5 d5 6. d4 h6 7. Nh3 Bxh3 8. gxh3 Bd6 9. Qb3 O-O 10. Bd2 c5 11. dxc5 Bxc5 12. Na4 e3 13. Bxe3 Qa5+ 14. Bd2 Bxf2+ 15. Kd1 Qd8 16. Bg2 a6 17. Rf1 axb5 18. Nc3 Qb6 19. Qxb5 Qd4 20. Qd3 Nc6 21. Qxd4 Bxd4 22. Rc1 Ne7 23. a3 Be5 24. Bf4 Bxf4 25. Rxf4 Rfd8 26. Rc2 Ne4 27. Kc1 f5 28. Rf3 g5 29. Rd3 Kg7 30. Nb5 Kf6 31. b4 Ke5 32. Nd4 Rdc8 33. b5 Rxc2+ 34. Nxc2 Ra4 35. b6 Nc5 36. Rc3 Kd6 37. Nb4 Nd7 38. b7 Ra7 39. Nxd5 Nxd5 40. Bxd5 Kxd5 41. Rd3+ Kc6 42. Rxd7 Rxb7 43. Rxb7 Kxb7 44. Kd2 Kc6 45. h4 Kd5 46. hxg5 hxg5 47. a4 g4 48. a5 f4 49. Kd3 Kc5 50. Ke4 g3 51. hxg3 fxg3 52. Kf3 Kb5 53. Kxg3 Kxa5 1-0

[Event "15th Open"]
[Site "Nikea GRE"]
[Date "2007.08.30"]
[Round "9"]
[White "Kesoglou, K."]
[Black "Karagiannis, A."]
[Result "0-1"]
[WhiteElo "2118"]
[BlackElo "2349"]
[PlyCount "170"]
[EventDate "2007.08.23"]
[Source "www.chesslib.no"]
[SourceDate "2004.05.04"]

1. c4 Nf6 2. Nc3 e5 3. Nf3 e4 4. Ng5 b5 5. Nxb5 h6 6. Nh3 c6 7. Nc3 d5 8. d4 exd3 9. cxd5 dxe2 10. Qxe2+ Be7 11. d6 Qxd6 12. Qd3 Qe5+ 13. Qe3 Qa5 14. Bc4 Qb4 15. Bb3 Ba6 16. Bd2 O-O 17. O-O-O Bc5 18. Qf4 Nbd7 19. Qxb4 Bxb4 20. Bf4 Rfe8 21. Bd6 Bxc3 22. bxc3 Ne5 23. Kc2 Bd3+ 24. Kc1 Bf5 25. Bc2 Bxh3 26. gxh3 Nd5 27. Bxe5 Rxe5 28. Rd3 Rf5 29. Rf1 Re8 30. Ba4 Nf4 31. Rd7 a5 32. Bc2 Rc5 33. Bb3 Re2 34. Bxf7+ Kh7 35. Rd8 Rxc3+ 36. Kb1 Nxh3 37. f4 Re7 38. Bb3 Rb7 39. Kb2 Rc4 40. Rf3 Rxf4 41. Rxh3 a4 42. Rd6 axb3 43. axb3 c5 44. Kc3 Rfb4 45. Kc2 c4 46. bxc4 Rxc4+ 47. Rc3 Ra4 48. h3 Ra2+ 49. Kd3 Rg2 50. Ke4 Rf2 51. Ke3 Rbf7 52. Ke4 Re2+ 53. Kd5 Rd2+ 54. Kc6 Ra2 55. Kd5 g5 56. Rb6 Ra5+ 57. Kd4 Ra4+ 58. Ke5 Raf4 59. Rbb3 Kg6 60. Rc6+ Kh5 61. Rcc3 Kh4 62. Rd3 Rf8 63. Rdc3 h5 64. Ke6 g4 65. hxg4 hxg4 66. Rc7 Re8+ 67. Kd5 Rf3 68. Rh7+ Kg3 69. Rb1 Rd3+ 70. Kc4 Rd2 71. Rg1+ Rg2 72. Rf1 Rd8 73. Kc3 Rh2 74. Re7 Rh3 75. Re2 Rh6 76. Re3+ Kg2 77. Rf4 Rc6+ 78. Rc4 Rxc4+ 79. Kxc4 g3 80. Re2+ Kg1 81. Re1+ Kf2 82. Re7 g2 83. Rf7+ Kg1 84. Kc3 Rh8 85. Kd2 Kh1 0-1

[Event "Sauerland Stern Hotel op 1st"]
[Site "?"]
[Date "2001.07.09"]
[Round "7"]
[White "Rogule Laura"]
[Black "Heinemann Ernst"]
[Result "0-1"]
[WhiteElo "2246"]
[BlackElo "2217"]
[PlyCount "52"]
[EventDate "2001.??.??"]
[Source "www.chesslib.no"]
[SourceDate "2004.05.04"]

1. c4 e5 2. Nc3 Nf6 3. Nf3 e4 4. Ng5 b5 5. Nxb5 c6 6. Na3 d5 7. cxd5 cxd5 8. e3 h6 9. Bb5+ Nbd7 10. Nh3 Bd6 11. d3 exd3 12. Qxd3 O-O 13. Nf4 Bxf4 14. exf4 Nc5 15. Qd4 Ne6 16. Qa4 d4 17. Nb1 Nc5 18. Qc4 Re8+ 19. Bxe8 Qxe8+ 20. Qe2 Ba6 21. Qxe8+ Rxe8+ 22. Kd1 Nfe4 23. Re1 Nxf2+ 24. Kd2 Nce4+ 25. Kc2 Bd3+ 26. Kb3 Nc5+ 0-1

[Event "Moscow RUS"]
[Site "?"]
[Date "1996.??.??"]
[Round "9"]
[White "Chudinovskih Alexander"]
[Black "Dubinsky Roman"]
[Result "0-1"]
[WhiteElo "2290"]
[BlackElo "2170"]
[PlyCount "90"]
[EventDate "1996.??.??"]
[Source "www.chesslib.no"]
[SourceDate "2004.05.04"]

1. c4 Nf6 2. Nc3 e5 3. Nf3 e4 4. Ng5 b5 5. d3 bxc4 6. dxe4 Nc6 7. g3 Bb4 8. Bg2 Rb8 9. O-O O-O 10. Nd5 Bc5 11. Qc2 Ne5 12. Bf4 d6 13. Rad1 Nfd7 14. Kh1 h6 15. Nh3 c6 16. Nc3 Qf6 17. Bc1 Re8 18. Na4 Bb4 19. Be3 a6 20. Bd4 Qg6 21. f4 Ng4 22. Qxc4 d5 23. exd5 cxd5 24. Qd3 Qh5 25. Nc3 Nc5 26. Bxc5 Bxc5 27. Qxd5 Qxd5 28. Rxd5 Ba7 29. Rb1 Ne3 30. Rd2 Bf5 31. Re1 Nc4 32. Rd5 Be6 33. Rdd1 Rxb2 34. Bc6 Reb8 35. Ng1 Ne3 36. Rc1 g6 37. Nf3 Nc2 38. Red1 Rc8 39. Rd2 Rxc6 40. Rdxc2 Rxc2 41. Rxc2 Bf5 42. Ne5 Rc8 43. e4 Bxe4+ 44. Nxe4 Rxc2 45. a4 Ra2 0-1

[Event "Nikola Baharov (memorial)"]
[Site "?"]
[Date "2003.12.01"]
[Round "6.7"]
[White "Orev Petar"]
[Black "Petrov Veselin"]
[Result "0-1"]
[WhiteElo "2248"]
[BlackElo "2170"]
[PlyCount "98"]
[EventDate "2003.??.??"]
[Source "www.chesslib.no"]
[SourceDate "2004.05.04"]

1. c4 Nf6 2. Nc3 e5 3. Nf3 e4 4. Ng5 b5 5. cxb5 d5 6. d4 Bd6 7. g3 O-O 8. Nh3 Nbd7 9. Nf4 Bb7 10. e3 Re8 11. Be2 Nf8 12. Bd2 Ne6 13. Nxe6 fxe6 14. Na4 Qe7 15. Rc1 Qf7 16. O-O Bc8 17. Kg2 g5 18. a3 Qg6 19. Bb4 e5 20. Bxd6 cxd6 21. h3 Qh6 22. Rh1 exd4 23. Qxd4 Qf8 24. b6 axb6 25. Nxb6 Be6 26. Nxa8 Rxa8 27. f4 gxf4 28. exf4 Qg7 29. g4 Rf8 30. Rhf1 h6 31. Rc3 Qb7 32. Rg3 Nd7 33. g5 h5 34. Bxh5 Nc5 35. Bg4 Bf5 36. Bxf5 Rxf5 37. Kh2 Ne6 38. Qb4 Qa6 39. Rf2 d4 40. Qb8+ Kg7 41. Qe8 d5 42. g6 Qd6 43. Rc2 Rxf4 44. Rc6 Rf2+ 45. Kh1 Qxg3 46. Qe7+ Kh6 47. Qh7+ Kg5 48. Qe7+ Kf4 49. Qd6+ Kf3 0-1

[Event "Manchester, NH"]
[Site "?"]
[Date "1999.07.31"]
[Round "3"]
[White "Terrie Hal"]
[Black "Polizoti Geoffrey"]
[Result "1/2-1/2"]
[WhiteElo "2285"]
[BlackElo "2117"]
[PlyCount "80"]
[EventDate "1999.??.??"]
[Source "www.chesslib.no"]
[SourceDate "2004.05.04"]

1. c4 e5 2. Nc3 Nf6 3. Nf3 e4 4. Ng5 b5 5. d3 exd3 6. exd3 bxc4 7. dxc4 Bb4 8. Be2 h6 9. Nf3 O-O 10. O-O Bxc3 11. bxc3 d5 12. Ba3 Re8 13. Re1 Ba6 14. Qa4 Qd7 15. Qa5 Bxc4 16. Bxc4 Rxe1+ 17. Rxe1 dxc4 18. Qc5 Nc6 19. Qxc4 Re8 20. Rxe8+ Qxe8 21. h3 Ne5 22. Nxe5 Qxe5 23. Qc5 Qe6 24. Qxc7 Qxa2 25. Qxa7 Qa1+ 26. Kh2 Qxc3 27. Qc5 Qb3 28. Qc8+ Kh7 29. Qf5+ Kh8 30. Bc5 Qb8+ 31. g3 Qd8 32. Be3 Kg8 33. Qe5 Qd5 34. Qxd5 Nxd5 35. Bd4 Kh7 36. Kg2 Kg6 37. Kf3 Nc7 38. Ke4 Ne6 39. Be3 Ng5+ 40. Bxg5 Kxg5 1/2-1/2

[Event "Corr"]
[Site "?"]
[Date "2004.04.11"]
[Round "?"]
[White "Kleinsorgen Horst"]
[Black "Leisebein Peter"]
[Result "1/2-1/2"]
[WhiteElo "2216"]
[BlackElo "2182"]
[PlyCount "87"]
[EventDate "2004.??.??"]
[Source "www.chesslib.no"]
[SourceDate "2004.05.04"]

1. c4 e5 2. Nc3 Nf6 3. Nf3 e4 4. Ng5 b5 5. d3 bxc4 6. dxe4 h6 7. Nxf7 Kxf7 8. e5 c6 9. exf6 Qxf6 10. e4 d5 11. exd5 Bb4 12. Bd2 Re8+ 13. Be2 Bg4 14. O-O Bxe2 15. Nxe2 Bxd2 16. Qxd2 Nd7 17. dxc6 Qxc6 18. Rad1 Kg8 19. Ng3 Nb6 20. Nf5 Qf6 21. Ne3 Rad8 22. Qc2 Kh8 23. h3 Rd3 24. Rxd3 cxd3 25. Qxd3 Qxb2 26. Qa6 Re7 27. a4 Qa2 28. a5 Re5 29. Qxa7 Qxa5 30. Qxa5 Rxa5 31. Rd1 h5 32. g3 Kh7 33. Kg2 Ra4 34. h4 Nc4 35. Rd4 Nb6 36. Rxa4 Nxa4 37. Kf3 Kg6 38. Ke4 Nc5+ 39. Kd4 Nb3+ 40. Ke5 Nc1 41. Ke4 Nb3 42. Nd5 Kf7 43. Ke5 Nc5 44. Nf4 1/2-1/2

[Event "Mecklenburg VP"]
[Site "?"]
[Date "1999.??.??"]
[Round "?"]
[White "Nocke Thomas"]
[Black "Westphal Wolfgang"]
[Result "1-0"]
[WhiteElo "2250"]
[BlackElo "2147"]
[PlyCount "95"]
[EventDate "1999.??.??"]
[Source "www.chesslib.no"]
[SourceDate "2004.05.04"]

1. c4 e5 2. Nc3 Nf6 3. Nf3 e4 4. Ng5 b5 5. Nxb5 h6 6. Nh3 c6 7. Nc3 d5 8. d4 Bg4 9. cxd5 cxd5 10. Qa4+ Bd7 11. Qb3 Nc6 12. e3 Rb8 13. Qd1 Bd6 14. Ng1 O-O 15. Nge2 Bg4 16. a3 Na5 17. b4 Nc4 18. Qb3 Be6 19. Ng3 Na5 20. Qc2 Nc6 21. Na4 Ne7 22. Nc5 Qb6 23. Be2 Rfc8 24. O-O Qc7 25. Qa2 Bxc5 26. bxc5 Nc6 27. Bd2 Na5 28. Bxa5 Qxa5 29. Rab1 g6 30. h3 Kg7 31. Rb3 h5 32. Rfb1 Rxb3 33. Qxb3 Bd7 34. Qb4 Qd8 35. Ba6 Ra8 36. Ne2 Bc8 37. Bxc8 Rxc8 38. Nc3 Qd7 39. Qb5 Qe6 40. Qb7 Rc6 41. Nb5 g5 42. Nd6 Rxd6 43. cxd6 Qxd6 44. Qxa7 g4 45. Rb6 Qd8 46. Qb8 Qe7 47. Qd6 Qxd6 48. Rxd6 1-0

[Event "Czech Republic"]
[Site "?"]
[Date "2002.??.??"]
[Round "?"]
[White "Klicnar Martin"]
[Black "Svarc Roman"]
[Result "1-0"]
[WhiteElo "2219"]
[BlackElo "2133"]
[PlyCount "35"]
[EventDate "2002.??.??"]
[Source "www.chesslib.no"]
[SourceDate "2004.05.04"]

1. c4 e5 2. Nc3 Nf6 3. Nf3 e4 4. Ng5 b5 5. cxb5 d5 6. d4 Bd6 7. g3 Ng4 8. Bg2 h6 9. Nh3 Be6 10. O-O g5 11. f3 exf3 12. exf3 Nf6 13. Re1 O-O 14. f4 g4 15. Nf2 c6 16. f5 Bxf5 17. Bxh6 Re8 18. Qd2 1-0

[Event "Berlin Lichtenrade Open"]
[Site "Berlin GER"]
[Date "1995.??.??"]
[Round "6"]
[White "Tyrtania, Maximilian"]
[Black "Vehreschild, Axel"]
[Result "1-0"]
[WhiteElo "2220"]
[BlackElo "2105"]
[PlyCount "109"]
[EventDate "1995.??.??"]
[Source "www.chesslib.no"]
[SourceDate "2004.05.04"]

1. c4 e5 2. Nc3 Nf6 3. Nf3 e4 4. Ng5 b5 5. d3 exd3 6. exd3 bxc4 7. dxc4 Bb4 8. Qe2+ Qe7 9. Qxe7+ Bxe7 10. Be2 h6 11. Bf3 hxg5 12. Bxa8 c6 13. Bxg5 Na6 14. Bf4 Nh5 15. Be5 f6 16. Bd4 Nc7 17. Bxc6 dxc6 18. Bxa7 Nf4 19. O-O Bd6 20. Rfe1+ Kf7 21. Rad1 Be5 22. Bd4 Bxd4 23. Rxd4 Nce6 24. Rd6 Rd8 25. Rxd8 Nxd8 26. g3 Nh3+ 27. Kg2 Ng5 28. f4 Nge6 29. b4 Ba6 30. b5 cxb5 31. cxb5 Bb7+ 32. Kf1 Nc5 33. a4 Nb3 34. Ke2 Na5 35. f5 Bc8 36. g4 g6 37. Ne4 Ndb7 38. Rc1 gxf5 39. Rxc8 fxe4 40. Ke3 Nd6 41. Rc7+ Ke6 42. h4 Kd5 43. h5 f5 44. h6 Nac4+ 45. Kf4 e3 46. gxf5 e2 47. Re7 Nf7 48. Rxe2 Nxh6 49. Kg5 Nf7+ 50. Kg6 Nfd6 51. f6 Kc5 52. Rc2 Kb4 53. Rxc4+ Nxc4 54. f7 Ne5+ 55. Kg7 1-0

[Event "Corr"]
[Site "?"]
[Date "1996.06.24"]
[Round "?"]
[White "Tempske Anthony (USA)"]
[Black "Luers Charles J. (USA)"]
[Result "1-0"]
[WhiteElo "2232"]
[BlackElo "2027"]
[PlyCount "61"]
[EventDate "1996.??.??"]
[Source "www.chesslib.no"]
[SourceDate "2004.05.04"]

1. c4 e5 2. Nc3 Nf6 3. Nf3 e4 4. Ng5 b5 5. d3 bxc4 6. dxe4 h6 7. Nxf7 Kxf7 8. e5 c6 9. exf6 Qxf6 10. e4 d5 11. Be3 Bb4 12. Bd4 Qh4 13. Be2 Qxe4 14. O-O Qf5 15. b3 cxb3 16. axb3 Rd8 17. Bd3 Qg4 18. Ne2 c5 19. Be5 Nc6 20. Bc7 Rd7 21. h3 Qh4 22. Bg3 Qg5 23. Nf4 Nd4 24. h4 Qd8 25. Qh5+ Kg8 26. Qg6 Qf8 27. Qh7+ Kf7 28. Rfe1 Bxe1 29. Rxe1 Rd6 30. Bg6+ Rxg6 31. Qxg6+ 1-0

[Event "Corr"]
[Site "?"]
[Date "2004.09.10"]
[Round "?"]
[White "Kleinsorgen Horst"]
[Black "Evans Craig"]
[Result "1-0"]
[WhiteElo "2213"]
[BlackElo "2046"]
[PlyCount "55"]
[EventDate "2004.??.??"]
[Source "www.chesslib.no"]
[SourceDate "2004.05.04"]

1. c4 e5 2. Nc3 Nf6 3. Nf3 e4 4. Ng5 b5 5. d3 exd3 6. cxb5 h6 7. Nf3 dxe2 8. Bxe2 Bc5 9. O-O O-O 10. Bf4 d5 11. Rc1 Bb7 12. Be5 Nbd7 13. Na4 Bb6 14. Nxb6 cxb6 15. Bd4 Ne4 16. a4 Rc8 17. Rxc8 Qxc8 18. b4 Nc3 19. Qd2 Nxe2+ 20. Qxe2 Re8 21. Qd2 Nf8 22. Rc1 Qf5 23. Be3 Ng6 24. Rc7 Re7 25. Nd4 Qe4 26. f3 Qe5 27. Rxe7 Qxe7 28. Nc6 1-0

[Event "SVK Ch"]
[Site "Trencin"]
[Date "1995.??.??"]
[Round "8"]
[White "Jelen, Peter"]
[Black "Machata, Martin"]
[Result "1-0"]
[WhiteElo "2105"]
[BlackElo "2140"]
[PlyCount "79"]
[EventDate "1995.??.??"]
[Source "www.chesslib.no"]
[SourceDate "2004.05.04"]

1. c4 e5 2. Nc3 Nf6 3. Nf3 e4 4. Ng5 b5 5. cxb5 d5 6. d4 Bd6 7. g3 h6 8. Nh3 g5 9. Bg2 Bf5 10. f3 exf3 11. exf3 O-O 12. O-O Qd7 13. Nf2 a6 14. a4 c6 15. b6 a5 16. Be3 Na6 17. Qd2 Kg7 18. Nfe4 dxe4 19. fxe4 Bg6 20. e5 Ng4 21. exd6 Qxd6 22. d5 Nxe3 23. Qxe3 c5 24. b7 Rae8 25. Qf2 Qb6 26. Rfd1 Nb4 27. Rd2 Nd3 28. Qf1 c4+ 29. Kh1 Qxb7 30. Nb5 Qb6 31. b3 Qe3 32. Rad1 Be4 33. bxc4 Nc5 34. Re2 Bxg2+ 35. Rxg2 Qb3 36. Nd6 Re5 37. Re2 Rxe2 38. Qxe2 Qxa4 39. Rf1 f6 40. Qe7+ 1-0

[Event "RLNO_Postbauer1-SWNbg1"]
[Site "?"]
[Date "2003.12.14"]
[Round "4.3"]
[White "Meulner Klaus"]
[Black "Stertkuhl Eric"]
[Result "1-0"]
[WhiteElo "2153"]
[BlackElo "2090"]
[PlyCount "93"]
[EventDate "2003.??.??"]
[Source "www.chesslib.no"]
[SourceDate "2004.05.04"]

1. c4 e5 2. Nc3 Nf6 3. Nf3 e4 4. Ng5 b5 5. d3 exd3 6. exd3 Bb7 7. Nf3 b4 8. Na4 d5 9. Be2 d4 10. O-O c5 11. a3 a5 12. Nh4 Ra6 13. Bf3 Bc8 14. Re1+ Be6 15. axb4 axb4 16. Nf5 g6 17. Ng3 h6 18. Bf4 Be7 19. h4 h5 20. Qd2 O-O 21. b3 Nbd7 22. Ra2 Nh7 23. Ne4 Bxh4 24. Naxc5 Rxa2 25. Qxa2 Nxc5 26. Nxc5 Bf5 27. Qa4 g5 28. Nb7 Qa8 29. Qb5 Bxd3 30. Nc5 Qa2 31. Nxd3 gxf4 32. Qxh5 Bf6 33. Nxf4 Qd2 34. Re4 Ng5 35. Nd5 Nxe4 36. Bxe4 Qe1+ 37. Kh2 Be5+ 38. Qxe5 f5 39. Qe6+ Kg7 40. Qe7+ Rf7 41. Qg5+ Kf8 42. Qh6+ Ke8 43. Bf3 Qxf2 44. c5 f4 45. Nxf4 Kd8 46. Qg5+ Kc7 47. Qe5+ 1-0

[Event "CP.1998.Q.00011"]
[Site "?"]
[Date "1999.??.??"]
[Round "?"]
[White "Kerndl Rainer"]
[Black "McMahon Paul"]
[Result "1-0"]
[WhiteElo "2225"]
[BlackElo "2010"]
[PlyCount "43"]
[EventDate "1999.??.??"]
[Source "www.chesslib.no"]
[SourceDate "2004.05.04"]

1. c4 Nf6 2. Nc3 e5 3. Nf3 e4 4. Ng5 b5 5. d3 bxc4 6. dxe4 Nc6 7. e3 Bb4 8. Bxc4 O-O 9. f4 h6 10. Nxf7 Rxf7 11. Bxf7+ Kxf7 12. e5 Ng8 13. O-O Nge7 14. Nd5 Nxd5 15. Qxd5+ Kf8 16. a3 Be7 17. b4 a6 18. f5 Qe8 19. e4 Bd8 20. f6 Bb7 21. Rf5 Qe6 22. Bxh6 1-0

[Event "Palos de la Frontera Cerrado-3"]
[Site "Huelva"]
[Date "2001.10.12"]
[Round "2"]
[White "Andres Flores, Antonio"]
[Black "Romero Sanchez, Jesus"]
[Result "1-0"]
[WhiteElo "2060"]
[BlackElo "2165"]
[PlyCount "65"]
[EventDate "2001.10.13"]
[Source "www.chesslib.no"]
[SourceDate "2004.05.04"]

1. c4 e5 2. Nc3 Nf6 3. Nf3 e4 4. Ng5 b5 5. Ngxe4 Nxe4 6. Nxe4 bxc4 7. g3 d5 8. Nc3 Be7 9. Bg2 Be6 10. O-O O-O 11. b3 cxb3 12. Qxb3 c6 13. d4 Nd7 14. Bf4 Nb6 15. Na4 Nc4 16. Qc3 g5 17. Be3 f5 18. Nc5 Bf7 19. Rab1 Rb8 20. Rxb8 Qxb8 21. Nd7 Qd6 22. Nxf8 Kxf8 23. Rb1 f4 24. Bc1 Bh5 25. e4 fxg3 26. hxg3 Nb6 27. e5 Qg6 28. Rb3 Bd1 29. Rb2 Kf7 30. Rd2 Ba4 31. Bf1 g4 32. Qd3 Qh5 33. Qa6 1-0